Physical oceanography of coastal and shelf seas
Gardado en:
| Autor Principal: | |
|---|---|
| Formato: | Libro |
| Idioma: | inglés |
| Publicado: |
Amsterdam
Elsevier
1983
|
| Series: | Elsevier oceano series, 35
|
| Subjects: | |
| Tags: |
Engadir etiqueta
Sen Etiquetas, Sexa o primeiro en etiquetar este rexistro!
|
MARC
| LEADER | 00000nam a2200000 a 4500 | ||
|---|---|---|---|
| 001 | UCV5098 | ||
| 003 | CL-VaPUC | ||
| 008 | 920609e19830000NE |||||||||||||||||eng|d | ||
| 082 | 0 | 4 | |a 551.46 |b JOH |2 21 |
| 100 | 0 | |a Johns, Brian |e author |9 299363 | |
| 245 | 1 | 0 | |a Physical oceanography of coastal and shelf seas |
| 300 | |a 470 p | ||
| 942 | |c BK | ||
| 945 | |d 19920609 00:00:00 | ||
| 260 | |a Amsterdam |b Elsevier |c 1983 | ||
| 650 | 0 | |a Costas |9 261336 | |
| 650 | 7 | |a PLATAFORMA CONTINENTAL |2 CL-VaPUC |9 255443 | |
| 583 | |a last modification |c 19920609 00:00:00 |k Rodrigo Vera | ||
| 490 | 0 | |a Elsevier oceano series, 35 | |
| 999 | |c 211695 |d 211693 | ||
| 952 | |0 0 |1 0 |2 ddc |4 0 |6 551_460000000000000_JOH_1983 |7 0 |8 CCM |9 191553 |a BIBCUR |b BIBCUR |c PAC |d 2019-11-14 |i 2590999 |o 551.46 JOH 1983 |p 2590999 |r 2025-04-22 |w 2019-11-14 |y BK |k CIM | ||